[Event "DEM U10 2025"]
[Site "Willingen GER"]
[Date "2025.06.14"]
[Round "9"]
[White "Hornych, Fridtjof"]
[Black "Khadem Aljamea, Adam"]
[Result "1/2-1/2"]
[Termination "normal"]
[Board "19"]
[WhiteElo "1385"]
[BlackElo "1472"]
[WhiteClock "00:44:59"]
[BlackClock "00:57:34"]
[PlyCount "88"]
[WhiteFideId "533043507"]
[BlackFideId "533012989"]
[EventCountry "GER"]
[EventRounds "9"]
[EventType "swiss"]
[EventDate "2025.06.07"]

1. e4 {[%clk 01:30:53]} {[%emt 00:00:06]} e5 {[%clk 01:30:49]} {[%emt
00:00:13]} 2. Nf3 {[%clk 01:30:59]} {[%emt 00:00:22]} Nc6 {[%clk 01:30:57]}
{[%emt 00:00:23]} 3. Bb5 {[%clk 01:30:59]} {[%emt 00:00:30]} Nge7 {[%clk
01:30:59]} {[%emt 00:00:28]} 4. O-O {[%clk 01:30:42]} {[%emt 00:00:43]} g6
{[%clk 01:30:43]} {[%emt 00:00:48]} 5. c3 {[%clk 01:29:54]} {[%emt 00:01:19]}
Bg7 {[%clk 01:29:57]} {[%emt 00:01:15]} 6. d4 {[%clk 01:29:41]} {[%emt
00:00:45]} exd4 {[%clk 01:29:33]} {[%emt 00:00:55]} 7. cxd4 {[%clk 01:29:34]}
{[%emt 00:00:33]} d5 {[%clk 01:29:19]} {[%emt 00:00:46]} 8. exd5 {[%clk
01:26:11]} {[%emt 00:03:53]} Qxd5 {[%clk 01:26:49]} {[%emt 00:03:01]} 9. Nc3
{[%clk 01:24:31]} {[%emt 00:02:09]} Qh5 {[%clk 01:23:22]} {[%emt 00:03:58]} 10.
d5 {[%clk 01:14:41]} {[%emt 00:10:20]} Bxc3 {[%clk 01:19:58]} {[%emt 00:03:55]}
11. dxc6 {[%emt 00:06:35]} Qxb5 {[%clk 01:15:09]} 12. bxc3 {[%clk 01:13:04]}
{[%emt 00:01:18]} Qxc6 {[%clk 01:14:15]} {[%emt 00:01:25]} 13. Qd4 {[%clk
01:11:46]} {[%emt 00:01:47]} O-O {[%clk 01:13:05]} {[%emt 00:01:41]} 14. Bh6
{[%clk 01:11:45]} {[%emt 00:00:31]} Nf5 {[%clk 01:11:58]} {[%emt 00:01:37]} 15.
Qf4 {[%clk 01:10:15]} {[%emt 00:01:54]} Nxh6 {[%clk 01:10:07]} {[%emt
00:02:27]} 16. Qxh6 {[%clk 01:10:25]} {[%emt 00:00:19]} Qxc3 {[%clk 01:10:18]}
{[%emt 00:00:20]} 17. Rfc1 {[%clk 01:08:06]} {[%emt 00:02:49]} Qg7 {[%clk
01:08:59]} {[%emt 00:01:50]} 18. Qxg7+ {[%clk 01:08:02]} {[%emt 00:00:28]} Kxg7
{[%clk 01:08:46]} {[%emt 00:00:48]} 19. Rxc7 {[%clk 01:07:52]} {[%emt
00:00:40]} h6 {[%clk 01:08:46]} {[%emt 00:00:31]} 20. a3 {[%clk 01:04:03]}
{[%emt 00:04:18]} b6 {[%clk 01:07:27]} {[%emt 00:01:50]} 21. Re1 {[%clk
01:02:55]} {[%emt 00:01:15]} Bf5 {[%clk 01:06:59]} {[%emt 00:01:20]} 22. Ree7
{[%clk 01:02:21]} {[%emt 00:01:05]} a5 {[%clk 01:05:25]} {[%emt 00:02:05]} 23.
h3 {[%clk 01:00:04]} {[%emt 00:02:46]} g5 {[%clk 01:04:44]} {[%emt 00:01:11]}
24. Ne5 {[%clk 00:57:59]} {[%emt 00:02:35]} Bg6 {[%clk 01:03:58]} {[%emt
00:01:16]} 25. Nxg6 {[%clk 00:56:37]} {[%emt 00:01:52]} Kxg6 {[%clk 01:03:55]}
{[%emt 00:00:34]} 26. Rc6+ {[%clk 00:56:44]} {[%emt 00:00:21]} f6 {[%clk
01:04:05]} {[%emt 00:00:21]} 27. Rxb6 {[%clk 00:56:09]} {[%emt 00:01:01]} a4
{[%clk 01:03:10]} {[%emt 00:01:29]} 28. Ree6 {[%clk 00:53:33]} {[%emt
00:03:06]} Kf5 {[%clk 01:01:36]} {[%emt 00:02:04]} 29. g4+ {[%clk 00:51:38]}
{[%emt 00:02:24]} Kg6 {[%clk 01:01:11]} {[%emt 00:00:56]} 30. Ra6 {[%clk
00:51:46]} {[%emt 00:00:23]} Kg7 {[%clk 01:00:59]} {[%emt 00:00:41]} 31. Kg2
{[%clk 00:49:46]} {[%emt 00:02:30]} Kg6 {[%emt 00:01:53]} 32. Rab6 {[%clk
00:48:44]} Ra5 {[%clk 01:00:33]} {[%emt 00:01:06]} 33. Ra6 {[%clk 00:47:26]}
{[%emt 00:01:48]} Rxa6 {[%clk 01:00:13]} {[%emt 00:00:50]} 34. Rxa6 {[%clk
00:47:42]} {[%emt 00:00:14]} Rc8 {[%clk 01:00:16]} {[%emt 00:00:27]} 35. Rxa4
{[%clk 00:47:48]} {[%emt 00:00:24]} Rc3 {[%clk 01:00:11]} {[%emt 00:00:35]} 36.
Ra8 {[%clk 00:46:47]} {[%emt 00:01:31]} h5 {[%clk 00:59:49]} {[%emt 00:00:51]}
37. gxh5+ {[%clk 00:46:09]} {[%emt 00:01:07]} Kxh5 {[%clk 01:00:08]} {[%emt
00:00:13]} 38. a4 {[%clk 00:46:26]} {[%emt 00:00:13]} Ra3 {[%clk 01:00:05]}
{[%emt 00:00:32]} 39. a5 {[%clk 00:46:33]} {[%emt 00:00:23]} Kg6 {[%clk
00:59:49]} {[%emt 00:00:46]} 40. a6 {[%clk 00:46:40]} {[%emt 00:00:23]} Kg7
{[%clk 00:58:29]} {[%emt 00:01:50]} 41. a7 {[%clk 00:46:52]} {[%emt 00:00:19]}
f5 {[%clk 00:58:22]} {[%emt 00:00:37]} 42. Kh2 {[%clk 00:44:55]} {[%emt
00:02:25]} Ra2 {[%clk 00:58:07]} {[%emt 00:00:47]} 43. Kg3 {[%clk 00:45:01]}
{[%emt 00:00:23]} Ra3+ {[%clk 00:58:08]} {[%emt 00:00:29]} 44. f3 {[%clk
00:44:59]} {[%emt 00:00:31]} Ra4 {[%clk 00:57:34]} {[%emt 00:01:05]} 1/2-1/2

[Event "DEM U10 2025"]
[Site "Willingen GER"]
[Date "2025.06.14"]
[Round "9"]
[White "Rössling, Johannes"]
[Black "Peterson, James"]
[Result "1/2-1/2"]
[Termination "normal"]
[Board "20"]
[WhiteElo "1637"]
[BlackElo "1338"]
[WhiteClock "00:13:41"]
[BlackClock "00:09:29"]
[PlyCount "73"]
[WhiteFideId "34642773"]
[BlackFideId "34692452"]
[EventCountry "GER"]
[EventRounds "9"]
[EventType "swiss"]
[EventDate "2025.06.07"]

1. e4 {[%clk 01:30:59]} c6 {[%clk 01:30:44]} {[%emt 00:00:17]} 2. d4 {[%clk
01:31:13]} {[%emt 00:00:15]} d5 {[%clk 01:30:35]} {[%emt 00:00:40]} 3. exd5
{[%clk 01:30:54]} {[%emt 00:00:47]} cxd5 {[%clk 01:30:29]} {[%emt 00:00:37]} 4.
c4 {[%clk 01:30:29]} {[%emt 00:00:55]} Nf6 {[%clk 01:27:58]} {[%emt 00:03:02]}
5. Nc3 {[%clk 01:29:19]} {[%emt 00:01:39]} Nc6 {[%clk 01:26:45]} {[%emt
00:01:42]} 6. Nf3 {[%clk 01:29:01]} {[%emt 00:00:49]} Bg4 {[%clk 01:26:08]}
{[%emt 00:01:06]} 7. Be3 {[%clk 01:28:33]} {[%emt 00:00:58]} e6 {[%clk
01:25:38]} {[%emt 00:01:00]} 8. c5 {[%clk 01:27:28]} {[%emt 00:01:36]} Be7
{[%clk 01:23:42]} {[%emt 00:02:25]} 9. Bb5 {[%clk 01:27:07]} {[%emt 00:00:52]}
O-O {[%clk 01:23:15]} {[%emt 00:00:57]} 10. O-O {[%clk 01:26:24]} {[%emt
00:01:13]} a6 {[%clk 01:03:31]} {[%emt 00:20:15]} 11. Ba4 {[%clk 01:26:22]}
{[%emt 00:00:32]} Ne4 {[%clk 00:48:22]} {[%emt 00:15:39]} 12. Rc1 {[%clk
01:20:25]} {[%emt 00:06:27]} Bf6 {[%clk 00:45:55]} {[%emt 00:02:55]} 13. Bxc6
{[%clk 01:14:21]} {[%emt 00:06:35]} bxc6 {[%clk 00:45:46]} {[%emt 00:00:38]}
14. Na4 {[%clk 01:10:00]} {[%emt 00:04:52]} Qb8 {[%clk 00:40:09]} {[%emt
00:06:02]} 15. Nb6 {[%clk 01:07:12]} {[%emt 00:03:22]} Ra7 {[%clk 00:40:36]}
{[%emt 00:00:04]} 16. Kh1 {[%clk 00:52:05]} {[%emt 00:15:36]} Bd8 {[%clk
00:39:46]} {[%emt 00:01:19]} 17. Qb3 {[%clk 00:45:52]} {[%emt 00:06:43]} Bxf3
{[%clk 00:38:08]} {[%emt 00:02:08]} 18. gxf3 {[%clk 00:45:47]} {[%emt
00:00:35]} Nf6 {[%clk 00:33:41]} {[%emt 00:04:57]} 19. Rg1 {[%clk 00:44:59]}
{[%emt 00:01:18]} Kh8 {[%clk 00:30:43]} {[%emt 00:03:27]} 20. Rg3 {[%clk
00:42:13]} {[%emt 00:03:17]} Bc7 {[%clk 00:29:39]} {[%emt 00:01:34]} 21. Rh3
{[%clk 00:42:15]} {[%emt 00:00:27]} e5 {[%clk 00:21:51]} {[%emt 00:08:20]} 22.
Bg5 {[%clk 00:37:57]} {[%emt 00:04:48]} Bd8 {[%clk 00:19:27]} {[%emt 00:02:52]}
23. Qc2 {[%clk 00:36:41]} {[%emt 00:01:48]} g6 {[%clk 00:17:59]} {[%emt
00:01:55]} 24. Re1 {[%clk 00:35:34]} {[%emt 00:01:37]} Re8 {[%clk 00:16:49]}
{[%emt 00:01:42]} 25. Qd2 {[%clk 00:31:13]} {[%emt 00:04:52]} exd4 {[%clk
00:13:46]} {[%emt 00:03:33]} 26. Rxe8+ {[%clk 00:24:31]} {[%emt 00:07:12]} Nxe8
{[%clk 00:14:10]} {[%emt 00:00:06]} 27. Bf4 {[%clk 00:19:35]} {[%emt 00:05:26]}
Bc7 {[%clk 00:13:58]} {[%emt 00:00:42]} 28. Qxd4+ {[%clk 00:19:37]} {[%emt
00:00:27]} Kg8 {[%clk 00:12:49]} {[%emt 00:01:40]} 29. Bg3 {[%clk 00:18:38]}
{[%emt 00:01:29]} Qd8 {[%clk 00:12:25]} {[%emt 00:00:51]} 30. Qh4 {[%clk
00:16:05]} {[%emt 00:03:05]} Qxh4 {[%clk 00:12:40]} {[%emt 00:00:16]} 31. Rxh4
{[%emt 00:00:07]} Ng7 {[%clk 00:11:16]} {[%emt 00:01:51]} 32. Ra4 {[%clk
00:16:46]} {[%emt 00:00:15]} Bd8 {[%clk 00:11:11]} {[%emt 00:00:33]} 33. Kg1
{[%clk 00:15:14]} {[%emt 00:02:03]} Nf5 {[%clk 00:10:24]} {[%emt 00:01:15]} 34.
Kf1 {[%clk 00:15:06]} {[%emt 00:00:39]} h5 {[%clk 00:09:54]} {[%emt 00:01:00]}
35. h3 {[%clk 00:13:58]} {[%emt 00:01:38]} h4 {[%clk 00:10:06]} {[%emt
00:00:19]} 36. Bh2 {[%clk 00:14:05]} {[%emt 00:00:22]} Bf6 {[%clk 00:09:29]}
{[%emt 00:01:07]} 37. b3 {[%clk 00:13:41]} {[%emt 00:00:54]} 1/2-1/2

[Event "DEM U10 2025"]
[Site "Willingen GER"]
[Date "2025.06.14"]
[Round "9"]
[White "Gavrylchenko, Illia"]
[Black "Schmidt, Alexander Nadvid"]
[Result "1-0"]
[Termination "normal"]
[Board "21"]
[WhiteElo "1428"]
[BlackElo "1565"]
[WhiteClock "00:01:20"]
[BlackClock "00:24:22"]
[PlyCount "83"]
[WhiteFideId "34682007"]
[BlackFideId "34661360"]
[EventCountry "GER"]
[EventRounds "9"]
[EventType "swiss"]
[EventDate "2025.06.07"]

1. e4 {[%clk 01:30:57]} {[%emt 00:00:02]} c5 {[%clk 01:30:56]} {[%emt
00:00:05]} 2. c3 {[%clk 01:31:21]} {[%emt 00:00:06]} Nc6 {[%clk 01:31:16]}
{[%emt 00:00:09]} 3. Nf3 {[%clk 01:30:32]} {[%emt 00:01:18]} d5 {[%clk
01:31:39]} {[%emt 00:00:08]} 4. exd5 {[%clk 01:30:27]} {[%emt 00:00:35]} Qxd5
{[%clk 01:32:03]} {[%emt 00:00:07]} 5. d4 {[%clk 01:29:54]} {[%emt 00:01:02]}
cxd4 {[%clk 01:32:19]} {[%emt 00:00:14]} 6. cxd4 {[%clk 01:29:55]} {[%emt
00:00:29]} Bg4 {[%clk 01:32:43]} {[%emt 00:00:06]} 7. Be2 {[%clk 01:27:04]}
{[%emt 00:03:21]} e6 {[%clk 01:31:51]} {[%emt 00:01:23]} 8. Nc3 {[%clk
01:25:34]} {[%emt 00:01:59]} Qd7 {[%clk 01:29:32]} {[%emt 00:02:50]} 9. Bf4
{[%clk 01:17:00]} {[%emt 00:09:04]} Bb4 {[%clk 01:29:10]} {[%emt 00:00:52]} 10.
a3 {[%clk 01:12:51]} {[%emt 00:04:39]} Bxc3+ {[%clk 01:25:11]} {[%emt
00:04:29]} 11. bxc3 {[%clk 01:12:13]} {[%emt 00:01:08]} Nf6 {[%clk 01:21:21]}
{[%emt 00:04:19]} 12. O-O {[%clk 01:10:06]} {[%emt 00:02:38]} O-O {[%clk
01:21:12]} {[%emt 00:00:39]} 13. h3 {[%clk 01:05:15]} {[%emt 00:05:21]} Bf5
{[%clk 01:18:09]} {[%emt 00:03:34]} 14. Bd3 {[%clk 00:57:47]} {[%emt 00:07:58]}
Nd5 {[%clk 01:15:14]} {[%emt 00:03:23]} 15. Bxf5 {[%clk 00:52:50]} {[%emt
00:05:29]} Nxf4 {[%clk 01:15:24]} {[%emt 00:00:20]} 16. Be4 {[%clk 00:46:44]}
{[%emt 00:06:33]} Ng6 {[%clk 01:03:04]} {[%emt 00:12:53]} 17. Qc2 {[%clk
00:41:59]} {[%emt 00:05:14]} Rac8 {[%clk 01:01:09]} {[%emt 00:02:25]} 18. Rab1
{[%clk 00:36:40]} {[%emt 00:05:45]} b6 {[%clk 00:59:26]} {[%emt 00:02:18]} 19.
d5 {[%clk 00:28:46]} {[%emt 00:08:25]} exd5 {[%clk 00:59:07]} {[%emt 00:00:49]}
20. Bf5 {[%clk 00:28:27]} {[%emt 00:00:48]} Qd6 {[%clk 00:59:02]} {[%emt
00:00:35]} 21. Bxc8 {[%clk 00:28:26]} {[%emt 00:00:29]} Rxc8 {[%clk 00:59:29]}
{[%emt 00:00:05]} 22. Qb3 {[%clk 00:22:07]} {[%emt 00:06:45]} Na5 {[%clk
00:58:22]} {[%emt 00:01:39]} 23. Qb4 {[%clk 00:20:46]} {[%emt 00:01:52]} Rc5
{[%clk 00:57:01]} {[%emt 00:01:52]} 24. Rfe1 {[%clk 00:17:22]} {[%emt
00:03:49]} h6 {[%clk 00:54:44]} {[%emt 00:02:52]} 25. Re8+ {[%clk 00:15:43]}
{[%emt 00:02:08]} Kh7 {[%clk 00:53:18]} {[%emt 00:01:57]} 26. Nd4 {[%clk
00:10:43]} {[%emt 00:05:29]} Qd7 {[%clk 00:51:56]} {[%emt 00:01:53]} 27. Rbe1
{[%clk 00:09:15]} {[%emt 00:01:52]} Rc4 {[%clk 00:50:16]} {[%emt 00:02:17]} 28.
Qb2 {[%clk 00:07:45]} {[%emt 00:01:53]} Nc6 {[%clk 00:47:36]} {[%emt 00:03:16]}
29. Nxc6 {[%clk 00:07:16]} {[%emt 00:01:00]} Qxc6 {[%clk 00:46:49]} {[%emt
00:01:18]} 30. R8e3 {[%clk 00:07:16]} {[%emt 00:00:28]} Nf4 {[%clk 00:42:58]}
{[%emt 00:04:22]} 31. Rf3 {[%clk 00:05:29]} {[%emt 00:02:12]} Qg6 {[%clk
00:42:17]} {[%emt 00:01:16]} 32. Qb1 {[%clk 00:04:01]} {[%emt 00:01:45]} Re4
{[%clk 00:39:42]} {[%emt 00:03:19]} 33. Rg3 {[%clk 00:03:58]} {[%emt 00:00:28]}
Rxe1+ {[%clk 00:34:08]} {[%emt 00:06:09]} 34. Qxe1 {[%clk 00:04:23]} {[%emt
00:00:05]} Qd6 {[%clk 00:34:08]} {[%emt 00:00:30]} 35. Qe3 {[%clk 00:02:27]}
{[%emt 00:02:22]} Ne6 {[%clk 00:31:23]} {[%emt 00:03:16]} 36. Qd3+ {[%clk
00:02:33]} {[%emt 00:00:25]} Kg8 {[%clk 00:31:09]} {[%emt 00:00:46]} 37. c4
{[%clk 00:02:14]} {[%emt 00:00:49]} d4 {[%clk 00:28:24]} {[%emt 00:03:15]} 38.
Qd2 {[%clk 00:01:52]} {[%emt 00:00:49]} Nf4 {[%clk 00:27:31]} {[%emt 00:01:26]}
39. Rg4 {[%clk 00:01:45]} {[%emt 00:00:32]} g5 {[%clk 00:26:55]} {[%emt
00:01:10]} 40. h4 {[%clk 00:01:37]} {[%emt 00:00:32]} Qe6 {[%clk 00:24:44]}
{[%emt 00:02:47]} 41. Qxf4 {[%clk 00:01:46]} {[%emt 00:00:21]} f5 {[%clk
00:24:22]} {[%emt 00:00:53]} 42. Rg3 {[%clk 00:01:20]} {[%emt 00:00:46]} 1-0

[Event "DEM U10 2025"]
[Site "Willingen GER"]
[Date "2025.06.14"]
[Round "9"]
[White "Schulze, Jonas"]
[Black "Fendel, Arsenij"]
[Result "1-0"]
[Termination "normal"]
[Board "22"]
[WhiteElo "1658"]
[BlackElo "1279"]
[WhiteClock "00:18:04"]
[BlackClock "00:00:36"]
[PlyCount "71"]
[WhiteFideId "34687912"]
[BlackFideId "533009635"]
[EventCountry "GER"]
[EventRounds "9"]
[EventType "swiss"]
[EventDate "2025.06.07"]

1. e4 {[%clk 01:30:45]} {[%emt 00:00:03]} e5 {[%clk 01:30:55]} {[%emt
00:00:16]} 2. Nf3 {[%clk 01:31:05]} {[%emt 00:00:10]} Nc6 {[%clk 01:25:37]}
{[%emt 00:05:48]} 3. Bc4 {[%clk 01:31:05]} {[%emt 00:00:31]} Bc5 {[%clk
01:25:07]} {[%emt 00:00:59]} 4. c3 {[%clk 01:30:51]} {[%emt 00:00:44]} Nf6
{[%clk 01:25:11]} {[%emt 00:00:27]} 5. d4 {[%clk 01:31:01]} {[%emt 00:00:19]}
exd4 {[%clk 01:25:27]} {[%emt 00:00:13]} 6. e5 {[%clk 01:30:52]} {[%emt
00:00:39]} d5 {[%clk 01:25:27]} {[%emt 00:00:31]} 7. Bb5 {[%clk 01:30:37]}
{[%emt 00:00:46]} Ne4 {[%clk 01:23:39]} {[%emt 00:02:17]} 8. cxd4 {[%clk
01:30:11]} {[%emt 00:00:57]} Bb6 {[%clk 01:23:21]} {[%emt 00:00:48]} 9. Nc3
{[%clk 01:29:07]} {[%emt 00:01:34]} Bf5 {[%clk 01:13:15]} {[%emt 00:10:36]} 10.
Be3 {[%clk 01:28:02]} {[%emt 00:01:35]} O-O {[%clk 01:10:46]} {[%emt 00:02:59]}
11. O-O {[%clk 01:25:16]} {[%emt 00:03:15]} f6 {[%clk 01:04:08]} {[%emt
00:07:09]} 12. Bxc6 {[%clk 01:23:46]} {[%emt 00:01:59]} bxc6 {[%clk 01:04:05]}
{[%emt 00:00:34]} 13. Rc1 {[%clk 01:20:20]} {[%emt 00:03:56]} Qd7 {[%clk
01:00:30]} {[%emt 00:04:04]} 14. exf6 {[%clk 01:14:30]} {[%emt 00:06:19]} Rxf6
{[%clk 00:56:40]} {[%emt 00:04:20]} 15. Ne5 {[%clk 01:11:00]} {[%emt 00:04:01]}
Qe8 {[%clk 00:50:14]} {[%emt 00:06:56]} 16. Ne2 {[%clk 01:04:38]} {[%emt
00:06:51]} Rd6 {[%clk 00:48:14]} {[%emt 00:02:29]} 17. Nf4 {[%clk 01:02:38]}
{[%emt 00:02:31]} Rb8 {[%clk 00:45:25]} {[%emt 00:03:19]} 18. Qa4 {[%clk
00:54:39]} {[%emt 00:08:30]} Bd7 {[%clk 00:44:13]} {[%emt 00:01:41]} 19. Qc2
{[%clk 00:53:06]} {[%emt 00:02:02]} Bf5 {[%clk 00:36:23]} {[%emt 00:08:20]} 20.
Qe2 {[%clk 00:49:23]} {[%emt 00:04:11]} a5 {[%clk 00:26:56]} {[%emt 00:10:00]}
21. Rfd1 {[%clk 00:44:02]} {[%emt 00:05:50]} Ba7 {[%clk 00:21:58]} {[%emt
00:05:29]} 22. f3 {[%clk 00:36:20]} {[%emt 00:08:11]} Ng5 {[%clk 00:15:07]}
{[%emt 00:07:22]} 23. Kh1 {[%clk 00:28:54]} {[%emt 00:07:56]} Nf7 {[%clk
00:14:22]} {[%emt 00:01:15]} 24. Bg1 {[%clk 00:23:52]} {[%emt 00:05:32]} g5
{[%clk 00:10:13]} {[%emt 00:04:39]} 25. Nfd3 {[%clk 00:21:51]} {[%emt
00:02:31]} Bxd4 {[%clk 00:05:33]} {[%emt 00:05:10]} 26. Bxd4 {[%clk 00:20:20]}
{[%emt 00:02:00]} Bxd3 {[%clk 00:05:43]} {[%emt 00:00:19]} 27. Rxd3 {[%clk
00:20:04]} {[%emt 00:00:48]} Nxe5 {[%clk 00:02:40]} {[%emt 00:03:34]} 28. Bxe5
{[%clk 00:20:14]} {[%emt 00:00:20]} Re6 {[%clk 00:03:01]} {[%emt 00:00:08]} 29.
Re3 {[%clk 00:20:07]} {[%emt 00:00:36]} h6 {[%clk 00:03:12]} {[%emt 00:00:20]}
30. Bd4 {[%clk 00:20:04]} {[%emt 00:00:34]} Rxe3 {[%clk 00:02:52]} {[%emt
00:00:49]} 31. Bxe3 {[%clk 00:20:07]} {[%emt 00:00:27]} d4 {[%clk 00:03:14]}
{[%emt 00:00:09]} 32. Qc4+ {[%clk 00:20:00]} {[%emt 00:00:37]} Qf7 {[%clk
00:01:46]} {[%emt 00:01:59]} 33. Bxd4 {[%clk 00:18:45]} {[%emt 00:01:44]} Qxc4
{[%clk 00:00:35]} {[%emt 00:01:42]} 34. Rxc4 {[%clk 00:18:51]} {[%emt
00:00:23]} Rd8 {[%clk 00:00:38]} {[%emt 00:00:27]} 35. Kg1 {[%clk 00:18:24]}
{[%emt 00:00:57]} Kf7 {[%clk 00:00:36]} {[%emt 00:00:32]} 36. Bc3 {[%clk
00:18:04]} {[%emt 00:00:50]} 1-0